Devinez la Capitale Mystère #174 - Statistiques

Statistiques générales
  • Ce quiz a été pris 50 fois
  • Le résultat moyen est 31 sur 33
Statistiques - réponses
Type de Réponse Réponse % Correct
Lettre Trouvée A
100%
Lettre Trouvée I
100%
Lettre de l'Alphabet P
100%
Lettre Bien Placée R
100%
Lettre Trouvée R
100%
Lettre de l'Alphabet S
100%
Lettre Bien Placée A
97%
Lettre de l'Alphabet B
97%
Lettre de l'Alphabet D
97%
Lettre de l'Alphabet E
97%
Lettre Bien Placée I
97%
Lettre de l'Alphabet L
97%
Lettre Trouvée N
97%
Lettre de l'Alphabet O
97%
Lettre de l'Alphabet G
94%
Lettre de l'Alphabet H
94%
Lettre de l'Alphabet K
94%
Lettre de l'Alphabet M
94%
Lettre Bien Placée N
94%
Lettre de l'Alphabet Q
94%
Lettre Trouvée T
94%
Lettre de l'Alphabet U
94%
Lettre de l'Alphabet V
94%
Lettre de l'Alphabet W
94%
Lettre de l'Alphabet Y
94%
Lettre Bien Placée A
92%
Lettre de l'Alphabet C
92%
Lettre de l'Alphabet F
92%
Lettre de l'Alphabet J
92%
Lettre Bien Placée T
92%
Lettre de l'Alphabet X
92%
Lettre de l'Alphabet Z
92%
Capitale Mystère Tirana
89%
Aucun quiz correspondant
Distribution des résultats
% des personnes avec chaque résultat
Percentile par nombre de réponses
Votre historique - résultats
Vous n’avez pas pris ce quiz